Statystyki dla Kraje Ameryki Środkowej z mapą - 15 sekund sprintu

Kliknij tutaj aby rozwiązać quiz!

Ogólne statystyki

  • Ten quiz został rozwiązany 219 razy
  • Średni wynik to 4 z 7

Odpowiedzi na mapie

Odpowiedzi skodowane kolorowo w zielono-czerwonej skali na mapie do tego quizu, zgodnie z poniższymi procentami.
 

Statystyki odpowiedzi

kraj% Poprawnych
Panama
73%
Belize
65%
Honduras
63%
Gwatemala
61%
Salwador
55%
Nikaragua
52%
Kostaryka
49%

Rozkład punktacji

Percentyl według liczby udzielonych odpowiedzi

Procent ludzi z każdym wynikiem

Twoja historia wyników

Nie rozwiązałeś tego quizu